| 000 | 00810nam a22002057a 4500 | ||
|---|---|---|---|
| 999 |
_c57564 _d57564 |
||
| 005 | 20220502125346.0 | ||
| 008 | 200731s2010 eng||||| |||| 00| 0 enk d | ||
| 020 | _a9783125399068 | ||
| 080 | _a811.111.1 E-56 | ||
| 245 |
_aEnglish Unlimited B1 - Pre-Intermediate : _bCoursebook with e-Portfolio / _cAlex Tilbury, Theresa Clementson, Leslie Anne Hendra, David Rea. |
||
| 264 |
_aCambrigde : _bKlett Sprachen GmbH, _c2010. |
||
| 300 |
_a199 p. _b30 cm. _cill. 2 CD |
||
| 653 | _aინგლისური ენა | ||
| 653 | _aგრამატიკა | ||
| 700 |
_aTilbury, Alex _eავტორი _93162 |
||
| 700 |
_aTheresa Clementson, _eავტორი _99093 |
||
| 700 |
_aLeslie Anne Hendra, _eავტორი _93161 |
||
| 700 |
_aDavid Rea. _eავტორი _99084 |
||
| 942 |
_2udc _cBK |
||